000 00597nam a2200205Ia 4500
005 20250508165229.0
008 008 250505s9999 xx 000 0 eng d
020 _a978-1-84813-411-9
037 _aTextual
040 _aFEDL
_beng
_cFEDL
041 _aeng
_2eng
084 _a370.1, HIR/R
_qFEDL
100 _aHirst Paul H
245 0 _aKnowledge and the curriculum: A collection of philosophical papers
260 _aLondon, UK
_bRoutledge and Kegan Paul
_c1974
300 _axiii, 194p.
365 _aGBP
_b26
942 _cTEXL
_h370.1, HIR/R
999 _c1393951
_d1393951